000 00830nam0a22002771 4500
001 v19\rc\1402015
005 20250618101204.0
035 _a(NLR Aleph) 004532249
090 _a1886638
_c1886638
100 _a20060512d1908 |||y0rusy50 ca
101 0 _arus
102 _aRU
105 _aa z |||a|
200 1 _aРассказы о севастопольцах
_f[Соч.] А.Н. Супонева
205 _a9-е изд. 73-80 тыс.
210 _aСанкт-Петербург
_cПостоян. комис. нар. чтений
_d1908
215 _a40 с.
_cил.
_d21
700 1 _aСупонев
_bА.Н.
801 0 _aRU
_bNLR
_gpsbo
801 0 _aRU
_bRuMoRGB
_2psbo
801 1 _aRU
_bProSoft-M
_2rusmarc
852 _aNLR
_j34.52.7.465
899 _aRuMoRGB
_jU 281/975
899 _aБАН
942 _cBOOK
980 _aNB